01442nam a2200337 a 4500001001200000003000800012006001900020007001500039008004100054020001800095020001800113040002100131035002100152041001300173050002700186100002700213245013200240260004300372300004100415502006300456504005600519505009300575533015200668546002200820650002700842650004600869655002900915710001700944856012600961999001701087ebr10302590CaPaEBRm u cr cn|||||||||091012s2007 ne a sbm 000 0 eng d z9789056294847 z9789048501953 aCaPaEBRcCaPaEBR a(OCoLC)3110353620 aengbdut14aQA76.9.A73bR88 2007eb1 aRutten, Martijn Johan.10aEclipseh[electronic resource] :bflexible media processing in a heterogeneous multiprocessor template /cMartijn Johan Rutten. a[Amsterdam] :bVossiuspers UvA,c2007. axiii, 201 p. :bill. (chiefly ill.). aAcademisch Proefschrift--Universiteit van Amsterdam, 2007. aIncludes bibliographical references (p. [191]-198).0 apt. 1. Eclipse architecture -- pt. 2. Eclipse simulation -- pt. 3. Eclipse case studies. aElectronic reproduction.bPalo Alto, Calif. :cebrary,d2013.nAvailable via World Wide Web.nAccess may be limited to ebrary affiliated libraries. aSummary in Dutch. 0aComputer architecture. 0aMultiprocessorsxDesign and construction. 7aElectronic books.2local2 aebrary, Inc.40uhttp://site.ebrary.com/lib/rucke/Doc?id=10302590zAn electronic book accessible through the World Wide Web; click to view c68429d68429